| 000 | 00788nam a2200277 a 4500 | ||
|---|---|---|---|
| 003 | AR-BaBNM | ||
| 005 | 20251128204332.0 | ||
| 008 | 082120s2002 ||||||||||||||000 | spa|| | ||
| 040 | _cAR-BaBNM | ||
| 100 | 1 | _aPostman, Leo | |
| 245 | 0 | 0 | _aPercepción y aprendizaje |
| 260 |
_aBuenos Aires _bNueva Visión _c1974 |
||
| 300 |
_a159 p. _bil., gráfs. |
||
| 490 | 0 | _aFichas | |
| 500 | _aContiene referencias bibliográficas | ||
| 650 | 4 | _aPROCESO DE APRENDIZAJE | |
| 650 | 4 | _aPERCEPCION | |
| 650 | 4 | _aPSICOLOGIA DE LA EDUCACION | |
| 650 | 4 | _aPSICOLOGIA DE LOS PROCESOS SENSORIALES | |
| 650 | 4 | _aCORRIENTES PSICOLOGICAS | |
| 650 | 4 | _aTEORIAS DEL APRENDIZAJE | |
| 653 | _aINVESTIGACION EDUCATIVA | ||
| 800 | 1 |
_aRabinovich, Guillermo _edirector |
|
| 942 | _cBK | ||
| 998 | _cGrace | ||
| 999 |
_c7064 _d7064 |
||